• 首页
  • 本馆介绍
  • 公告通知
  • 最新文献
  • 馆藏检索
  • 电子资源
  • 读者导购
  • 参考咨询
  • 我的图书馆
  • 登录
  • 详细信息显示
  • 放入我的书架
  • 预约/预借图书
  • 作者相关作品
  • 分类相关作品
  • 丛书相关作品
  • 出版社相关作品

书目信息

  • 表格格式
  • 工作单格式
  • 卡片格式
题名:
商业摄影实拍案例
    
 
作者: 刘君武 , 陈海蔚 , 洪伟展 编著
分册:  
出版信息: 北京   电子工业出版社  2020.3
页数: 240页
开本: 26cm
丛书名:
单 册:
中图分类: J419.9
科图分类:
主题词: 商业摄影--摄影艺术--案例
电子资源:
ISBN: 978-7-121-32470-3
000 00980nam0 2200289 45
001 012001001370
005 20130911105511.0
010    @a978-7-121-32470-3@dCNY99.00
099    @aCAL 012018008525
100    @a20180122d2017 em y0chiy0110 ea
101 0  @achi
102    @aCN@b110000
105    @aa z 000yy
106    @ar
200 1  @a商业摄影实拍案例@Ashang ye she ying shi pai an li@e高端摄影控光与修图宝典@f刘君武, 陈海蔚, 洪伟展编著
210    @a北京@c电子工业出版社@d2020.3
215    @a240页@c彩图@d26cm
300    @a其他题名:高端摄影控光与修图宝典
330    @a本书是专业的商业摄影用光指南,通过众多具体的实例讲述商业摄影的工作流程,从设计和准备到布光和拍摄。
517 1  @a高端摄影控光与修图宝典
606 0  @a商业摄影@x摄影艺术@x案例
690    @aJ419.9@v5
701  0 @a刘君武@Aliu jun wu@4编著
701  0 @a陈海蔚@Achen hai wei@4编著
701  0 @a洪伟展@Ahong wei zhan@4编著
801    @aCN@b江苏凤凰@c20211018
905    @b1343242-4@dJ419.9@e452@f3
    
    商业摄影实拍案例:高端摄影控光与修图宝典/刘君武, 陈海蔚, 洪伟展编著.-北京:电子工业出版社,2020.3
    240页:彩图;26cm
    其他题名:高端摄影控光与修图宝典
    
    ISBN 978-7-121-32470-3:CNY99.00
    本书是专业的商业摄影用光指南,通过众多具体的实例讲述商业摄影的工作流程,从设计和准备到布光和拍摄。
●
相关链接 在E读中查询图书 在五车中查询图书 在当当中查询图书 在豆瓣中查询图书


正题名:商业摄影实拍案例     索取号:J419.9/452         预约/预借

序号 登录号 条形码 馆藏地/架位号 状态 备注
1 1343242   213432427   第一样本阅览室/ [索取号:J419.9/452] 在馆    
2 1343243   213432436   第一借阅区/ [索取号:J419.9/452] 在馆    
3 1343244   213432445   第一借阅区/ [索取号:J419.9/452] 在馆    
唐山师范学院图书馆 欢迎您!
大连网信软件有限公司© 版权所有